| 000 | 00846cam a22002417i 4500 | ||
|---|---|---|---|
| 999 |
_c13810 _d13810 |
||
| 020 | _a9781484746684 | ||
| 050 | 0 | 0 | _aMLCS 2017/44662 (P) |
| 082 | _2Fic. R8781g 2016 | ||
| 100 | 1 | _aRowe, Jeffrey, | |
| 245 | 1 | 0 |
_aGravity falls _bDipper and Mabel and the curse of the time pirates' treasure! / _cwritten by Jeffrey Rowe ; additional story by Alex Hirsch ; art by Emmy Cicierega. |
| 250 | _a1st edition. | ||
| 250 | _aFirst hardcover edition. | ||
| 260 |
_aCalifornia _bDisney Press _cc2016 |
||
| 300 |
_a283 pages : _bcolor illustrations ; _c22 cm + |
||
| 337 |
_aunmediated _bn |
||
| 526 | _aFICTION | ||
| 650 | _aBrothers and sisters -- Juvenile fiction | ||
| 650 | _aAdventure and adventurers -- Juvenile fiction | ||
| 650 | _aPirates -- Juvenile fiction | ||
| 700 | 1 | _aHirsch, Alex, | |
| 700 | 1 | _aCicierega, Emmy, | |
| 942 |
_2ddc _cBK |
||